Manual de ciencias de la documentación (Registro nro. 1190)
[ vista simple ]
| 000 -CABECERA | |
|---|---|
| Longitud fija campo de control | 00939nam a2200313 b 4500 |
| 001 - NÚMERO DE CONTROL | |
| Número de control | Mimo0001789713 |
| 003 - IDENTIFICADOR DELl NÚMERO DE CONTROL | |
| Identificador del número de control | OSt |
| 005 - FECHA Y HORA DE LA ÚLTIMA TRANSACCIÓN | |
| Fecha y hora de la última transacción | 20130719164801.0 |
| 008 - CÓDIGOS DE INFORMACIÓN DE LONGITUD FIJA | |
| Códigos de información de longitud fija | 020624s2002 sp | ||| ||spa |
| 020 ## - NÚMERO INTERNACIONAL NORMALIZADO PARA LIBROS | |
| Número Internacional Normalizado para Libros (ISBN) | 978-84-368-2032-4 |
| 040 ## - FUENTE DE LA CATALOGACIÓN | |
| Centro catalogador de origen | SpMaBN |
| Centro transcriptor | BMC |
| 082 ## - NÚMERO DE LA CLASIFICACIÓN DECIMAL DEWEY | |
| Númeroo de clasificación | 025 |
| 082 ## - NÚMERO DE LA CLASIFICACIÓN DECIMAL DEWEY | |
| Númeroo de clasificación | 003.5 |
| 082 ## - NÚMERO DE LA CLASIFICACIÓN DECIMAL DEWEY | |
| Númeroo de clasificación | 020 |
| 082 ## - NÚMERO DE LA CLASIFICACIÓN DECIMAL DEWEY | |
| Númeroo de clasificación | 004 |
| 245 10 - MENCIÓN DE TÍTULO | |
| Título | Manual de ciencias de la documentación |
| Mención de responsabilidad, etc. | coordinador, José López Yepes ; [autores María Francisca Abad García ... et al.] |
| 250 ## - MENCIÓN DE EDICIÓN | |
| Mención de edición | 2ª ed |
| 260 ## - PUBLICACIÓN, DISTRIBUCIÓN, ETC. (PIE DE IMPRENTA) | |
| Lugar de publicación, distribución, etc. | Madrid |
| Nombre del editor, distribuidor, etc. | Pirámide |
| Fecha de publicación, distribución, etc. | 2008 |
| 300 ## - DESCRIPCIÓN FÍSICA | |
| Extensión | 742 p. |
| Dimensiones | 24 cm |
| 490 ## - MENCIÓN DE SERIE | |
| Mención de serie | Ozalid |
| 504 ## - NOTA DE BIBLIOGRAFÍA, ETC | |
| Nota de bibliografía, etc. | Bibliografía |
| 650 24 - PUNTO DE ACCESO ADICIONAL DE MATERIA - TÉRMINO DE MATERIA | |
| Término de materia o nombre geográfico como elemento inicial | Tecnología de la información |
| 9 (RLIN) | 1741 |
| 650 24 - PUNTO DE ACCESO ADICIONAL DE MATERIA - TÉRMINO DE MATERIA | |
| Término de materia o nombre geográfico como elemento inicial | Bibliotecología |
| 9 (RLIN) | 2269 |
| 650 24 - PUNTO DE ACCESO ADICIONAL DE MATERIA - TÉRMINO DE MATERIA | |
| 9 (RLIN) | 2268 |
| Término de materia o nombre geográfico como elemento inicial | Nuevas tecnologías de la información y de la comunicación |
| 650 24 - PUNTO DE ACCESO ADICIONAL DE MATERIA - TÉRMINO DE MATERIA | |
| 9 (RLIN) | 886 |
| Término de materia o nombre geográfico como elemento inicial | Documentación |
| 700 1# - PUNTO DE ACCESO ADICIONAL - NOMBRE DE PERSONA | |
| Nombre de persona | López Yepes, José |
| 9 (RLIN) | 885 |
| 700 1# - PUNTO DE ACCESO ADICIONAL - NOMBRE DE PERSONA | |
| Nombre de persona | Abad García, María Francisca |
| 9 (RLIN) | 2270 |
| 942 ## - ENTRADA DE ELEMENTOS AGREGADOS (KOHA) | |
| Fuente de clasificaión o esquema | Dewey Decimal Classification |
| Koha [por defecto] tipo de item | 1- Monografias |
| Suprimido | Perdido | Fuente de clasificación o esquema | Estropeado | Restricciones de uso | No para préstamo | Código de colección | Localización permanente | Localización actual | Localización en estanter&íacute;as | Fecha adquisición | Fuente de adquisición | Número de inventario | Préstamos totales | Signatura completa | Código de barras | Fecha última consulta | Coste, precio reemplazado | Fecha del precio de reemplazo | Tipo de item de Koha |
|---|---|---|---|---|---|---|---|---|---|---|---|---|---|---|---|---|---|---|---|
| NULL | NULL | Dewey Decimal Classification | NULL | Prestable | NULL | NULL | Biblioteca Miguel de Cervantes - UNICAES | Biblioteca Miguel de Cervantes - UNICAES | Sala Principal | 03/07/2013 | Donación - Facultad de Ciencias y Humanidades | 001367 | 025 MAN | 1001367 | 03/07/2013 | 102.75 | 03/07/2013 | 1- Monografias | |
| NULL | NULL | Dewey Decimal Classification | NULL | Prestable | NULL | NULL | Biblioteca Miguel de Cervantes - UNICAES | Biblioteca Miguel de Cervantes - UNICAES | Sala Principal | 29/04/2011 | Donación - Facultad de Ciencias y Humanidade | 001368 | 025 MAN | 1001368 | 03/07/2013 | 102.75 | 03/07/2013 | 1- Monografias | |
| NULL | NULL | Dewey Decimal Classification | NULL | Prestable | NULL | NULL | Biblioteca Miguel de Cervantes - UNICAES | Biblioteca Miguel de Cervantes - UNICAES | Sala Principal | 29/04/2011 | Donación - Facultad de Ciencias y Humanidade | 001369 | 025 MAN | 1001369 | 03/07/2013 | 102.75 | 03/07/2013 | 1- Monografias |